00541nam a2200169 a 450000100100000000500170001000800410002702000180006804000250008608200160011110000300012724500600015726000330021730000270025050000630027750400310034000000448520240226140809.0090723s2008 dr a 001 0 spa d a9789945161922 aDO-SdBNPbspacBNPHU axxxxbD919r1 aDunker L., José,d1943-13aLa religión como invento del hombre /cJosé Dunker. aSanto Domingo :bSea,c2008. a85 p. :bil. ;c22 cm. aIncluye datos biográficos del autor en la contracubierta aBibliografías : p. 83-85